000 00873nac a22002657a 4500
001 BR9804371
003 BR-BrBNA
005 20240105122127.0
008 230509b bl.|||m| |||| 00| 0 por d
040 _aBR-BrBNA
_bpor
_cBiblioteca Nacional de Agricultura
072 _aF30
090 _a1112 BR9804371
100 1 _aDuarte, O.R.
110 1 _aCentro de Pesquisa Agroflorestal de Roraima, Boa Vista (Brasil)
_91534
245 1 _aIntroducao e avaliacao de cultivares e hibridos promissores de banana em Roraima
260 3 _aBoa Vista, RR (Brasil):
_c1997.
300 _a3 p.
490 _aPesquisa em Andamento - Centro de Pesquisa Agroflorestal de Roraima (Brazil)
_vno. 7
_xISSN 0101-8639
650 _aBanana
650 _aHibrido
650 _aVariedade
650 _aRoraima
909 _a202312
_bLúcia Elande
_c55
_dLúcia Elande
942 _2AGRIS
_n0
_cMS
999 _c289338
_d289338